Đặc điểm thơ Nôm Đường luật Nam Bộ thế kỷ XIX: (Luận văn Thạc sĩ chuyên ngành Văn học Việt Nam)

Tìm hiểu về tiến trình va8nh ọc Hán Nôm, cách sử dụng hình ảnh trong thơ Nôm đường luật Nam Bộ thế kỷ XIX

保存先:
書誌詳細
第一著者: Nguyễn, Minh Nhàn
フォーマット: 図書
言語:Undetermined
出版事項: Cần Thơ Trường Đại học Cần Thơ 2014
主題:
タグ: タグ追加
タグなし, このレコードへの初めてのタグを付けませんか!
Thư viện lưu trữ: Trung tâm Học liệu Trường Đại học Cần Thơ
LEADER 01020nam a2200229Ia 4500
001 CTU_197846
008 210402s9999 xx 000 0 und d
082 |a 895.9221009 
082 |b Nh105 
088 |a 60220121 
100 |a Nguyễn, Minh Nhàn 
245 0 |a Đặc điểm thơ Nôm Đường luật Nam Bộ thế kỷ XIX: 
245 0 |b (Luận văn Thạc sĩ chuyên ngành Văn học Việt Nam) 
245 0 |c Nguyễn Minh Nhàn ; Nguyễn Kim Châu ( Hướng dẫn khoa học ) 
260 |a Cần Thơ 
260 |b Trường Đại học Cần Thơ 
260 |c 2014 
520 |a Tìm hiểu về tiến trình va8nh ọc Hán Nôm, cách sử dụng hình ảnh trong thơ Nôm đường luật Nam Bộ thế kỷ XIX 
650 |a Thơ Việt Nam,Vietnamese poetry 
650 |x Lịch sử và phê bình,History and criticism 
910 |a Nguyên 
980 |a Trung tâm Học liệu Trường Đại học Cần Thơ